Effectif Espagne - Coupe du Monde 2026 - Statistiques

Statistiques générales
  • Ce quiz a été pris 45 fois
  • Le résultat moyen est 18 sur 27
Statistiques - réponses
POSTE CLUB NUMERO JOUEUR % Correct
G Arsenal 1 David Raya
95%
ATT FC Barcelone 19 Lamine Yamal
93%
MIL PSG 8 Fabián Ruiz
86%
MIL FC Barcelone 20 Pedri
86%
MIL FC Barcelone 9 Gavi
81%
DEF Chelsea 24 Marc Cucurella
81%
ATT Athletic Bilbao 17 Nico Williams
79%
DEF FC Barcelone 22 Pau Cubarsí
79%
MIL Manchester City 16 Rodri
79%
DEF Bayer Leverkusen 3 Alejandro Grimaldo
76%
ATT FC Barcelone 7 Ferran Torres
76%
DEF FC Barcelone 4 Eric García
74%
G FC Barcelone 13 Joan García
74%
MIL Arsenal 18 Martín Zubimendi
74%
G Athletic Bilbao 23 Unai Simón
74%
MIL FC Barcelone 10 Dani Olmo
69%
ATT Real Sociedad 21 Mikel Oyarzabal
69%
MIL Arsenal 6 Mikel Merino
67%
DEF Athletic Bilbao 14 Aymeric Laporte
62%
DEF Atlético Madrid 5 Marcos Llorente
60%
DEF Tottenham 12 Pedro Porro
60%
ATT Crystal Palace 11 Yéremy Pino
52%
COACH - - Luis de la Fuente
50%
DEF Atlético Madrid 2 Marc Pubill
33%
ATT Atlético Madrid 15 Álex Baena
31%
ATT Celta Vigo 26 Borja Iglesias
29%
ATT CA Osasuna 25 Víctor Muñoz
17%
Aucun quiz correspondant
Distribution des résultats
% des personnes avec chaque résultat
Percentile par nombre de réponses
Votre historique - résultats
Vous n’avez pas pris ce quiz